000 00761nab a2200229 u 4500
001 15954
003 HDC
007 cr bn ---aaaaa
008 210219c20110115xx dr|noo 0 a eng d
040 _aHDC
245 0 _aMalaysia expects to draw more investments in halal industry
260 _a[No place] :
_b[publisher not identified],
_c2011
336 _atext
_2rdacontent
337 _acomputer
_2rdamedia
338 _aonline resource
_2rdacarrier
650 _ahalal industry
_9144
650 _aInvestments
_91553
856 _zRequest full-text at [email protected]
942 _2lcc
942 _cNEWS
942 _kNWSO 005617
999 _c13270
_d13270